| 000 | 00468cam a22001337a 4500 | ||
|---|---|---|---|
| 008 | 180718b1959 xxu||||| |||| 00| 0 eng d | ||
| 082 | _aN21x4391 M589 | ||
| 100 | _aMikse, George | ||
| 245 |
_aStudy in infamy: the operation of the Hungarian secret police: based on secret documents issued by the Hungarian Ministry of the Interior _cby George Mikes |
||
| 260 |
_aLondon _bAndre Deutscn _c1959 |
||
| 300 | _a175p. | ||
| 500 | _a15/- | ||
| 650 | _aSecret Service - Hungary | ||
| 999 |
_c373866 _d373866 |
||